Galois theory
The book is a showpiece of mathematical unification and "technology transfer". Abstract algebraic techniques, such as group theory and field theory, are used to answer important questions in geometry and the theory of equations. These applications include the impossibility of trisecting th...
Saved in:
| Main Author: | |
|---|---|
| Format: | Book |
| Language: | Undetermined |
| Published: |
London
Chapman and Hall
1998
|
| Subjects: | |
| Tags: |
Add Tag
No Tags, Be the first to tag this record!
|
| Institutions: | Trung tâm Học liệu Trường Đại học Cần Thơ |
|---|
| LEADER | 01105nam a2200205Ia 4500 | ||
|---|---|---|---|
| 001 | CTU_27222 | ||
| 008 | 210402s9999 xx 000 0 und d | ||
| 020 | |b 66.84Dfl | ||
| 082 | |a 512.3 | ||
| 082 | |b S849 | ||
| 100 | |a Ian Stewart | ||
| 245 | 0 | |a Galois theory | |
| 245 | 0 | |c Ian Stewart | |
| 260 | |a London | ||
| 260 | |b Chapman and Hall | ||
| 260 | |c 1998 | ||
| 520 | |a The book is a showpiece of mathematical unification and "technology transfer". Abstract algebraic techniques, such as group theory and field theory, are used to answer important questions in geometry and the theory of equations. These applications include the impossibility of trisecting the angle, duplicating the cube, squaring the circle or solving equations of the fifth degree. They also include the possibility of constructing regular polygons with 17,257 and 65,735 sides. There are over 200 exercises, including hints and a selection of solutions | ||
| 650 | |a equations, theory of,finite fields ( algebra ),galois theory,group theory | ||
| 904 | |i Minh, 981205 | ||
| 980 | |a Trung tâm Học liệu Trường Đại học Cần Thơ | ||